<?xml version="1.0" encoding="UTF-8"?>
<record
    xmlns:xsi="http://www.w3.org/2001/XMLSchema-instance"
    xsi:schemaLocation="http://www.loc.gov/MARC21/slim http://www.loc.gov/standards/marcxml/schema/MARC21slim.xsd"
    xmlns="http://www.loc.gov/MARC21/slim">

  <leader>02293nam a22003257a 4500</leader>
  <controlfield tag="003">DO-SdBNP</controlfield>
  <controlfield tag="005">20221020154341.0</controlfield>
  <controlfield tag="007">ta</controlfield>
  <controlfield tag="008">220208b1960       |a||e |||| 001 0 spa d</controlfield>
  <datafield tag="040" ind1=" " ind2=" ">
    <subfield code="a">DO-SdBNP</subfield>
    <subfield code="b">spa</subfield>
    <subfield code="c">BNPHU</subfield>
  </datafield>
  <datafield tag="082" ind1=" " ind2="4">
    <subfield code="a">370.15</subfield>
    <subfield code="b">K295p</subfield>
    <subfield code="2">22</subfield>
  </datafield>
  <datafield tag="100" ind1="1" ind2=" ">
    <subfield code="a">Kelly, William Anthony </subfield>
    <subfield code="9">81180</subfield>
  </datafield>
  <datafield tag="245" ind1="1" ind2="0">
    <subfield code="a">Psicolog&#xED;a de la educaci&#xF3;n /</subfield>
    <subfield code="c">William Anthony Kelly</subfield>
  </datafield>
  <datafield tag="260" ind1=" " ind2=" ">
    <subfield code="a">[s.l] :</subfield>
    <subfield code="b">[s.n],</subfield>
    <subfield code="c">[1960?].</subfield>
  </datafield>
  <datafield tag="300" ind1=" " ind2=" ">
    <subfield code="a">359 p. : </subfield>
    <subfield code="c">22 cm.</subfield>
  </datafield>
  <datafield tag="500" ind1=" " ind2=" ">
    <subfield code="a">Incluye &#xED;ndice alfab&#xE9;tico.</subfield>
  </datafield>
  <datafield tag="500" ind1=" " ind2=" ">
    <subfield code="a">Pr&#xF3;logo del autor a la cuarta edici&#xF3;n.</subfield>
  </datafield>
  <datafield tag="500" ind1=" " ind2=" ">
    <subfield code="a">Pr&#xF3;logo del autor a la tercera edici&#xF3;n.</subfield>
  </datafield>
  <datafield tag="500" ind1=" " ind2=" ">
    <subfield code="a">Pr&#xF3;logo del autor a la segunda edici&#xF3;n.</subfield>
  </datafield>
  <datafield tag="505" ind1=" " ind2=" ">
    <subfield code="a">Parte primera. El campo de la Psicolog&#xED;a Pedagog&#xED;ca.</subfield>
    <subfield code="t">Cap&#xED;tulo primero. Naturaleza y funciones de la Psicolog&#xED;a Pedag&#xF3;ca --</subfield>
  </datafield>
  <datafield tag="505" ind1=" " ind2=" ">
    <subfield code="a">Parte II. Naturaleza del educado.</subfield>
    <subfield code="t">Cap&#xED;tulo II. El alma --</subfield>
    <subfield code="t">Cap&#xED;tulo III. El cuerpo --</subfield>
  </datafield>
  <datafield tag="505" ind1=" " ind2=" ">
    <subfield code="a">Parte III. Facultades mentales del disc&#xED;pulo. Presupuestos de psicolog&#xED;a general.</subfield>
    <subfield code="t">Cap&#xED;tulo IV. La  sensaci&#xF3;n --</subfield>
    <subfield code="t">Notas al cap&#xED;tulo IV --</subfield>
    <subfield code="t">Cap&#xED;tulo V. La percepci&#xF3;n --</subfield>
    <subfield code="t">Notas al cap&#xED;tulo V --</subfield>
    <subfield code="t">Cap&#xED;tulo V.I. La imaginaci&#xF3;n -- </subfield>
    <subfield code="t">Notas al cap&#xED;tulo VII --</subfield>
    <subfield code="t">Cap&#xED;tulo VII. La memoria --</subfield>
    <subfield code="t">Cap&#xED;tulo VIII. El proceso de asociaci&#xF3;n --</subfield>
    <subfield code="t">Cap&#xED;tulo VIII. La memoria --</subfield>
    <subfield code="t">Cap&#xED;tulo IX. La atenci&#xF3;n --</subfield>
    <subfield code="t">Notas al cap&#xED;tulo IX. --</subfield>
    <subfield code="t">Cap&#xED;tulo XI. La voluntad --</subfield>
    <subfield code="t">Notas al cap&#xED;tulo XI. --</subfield>
    <subfield code="t">Cap&#xED;tulo XII. Sentimientos y emociones --</subfield>
    <subfield code="t">Notas al cap&#xED;tulo XII. --</subfield>
    <subfield code="t">Cap&#xED;tulo XIII. Formaci&#xF3;n de h&#xE1;bitos --</subfield>
    <subfield code="t">Notas al cap&#xED;tulo XIII. --</subfield>
  </datafield>
  <datafield tag="505" ind1=" " ind2=" ">
    <subfield code="a">Parte IV. Crecimiento y desarrollo de escolar.</subfield>
    <subfield code="t">Cap&#xED;tulo XIV. El proceso de crecimiento y desarrollo --</subfield>
    <subfield code="t">Notas al cap&#xED;tulo XIV --</subfield>
    <subfield code="t">Cap&#xED;tulo XV. Diferencias individuales --</subfield>
    <subfield code="t">Notas al cap&#xED;tulo XV --</subfield>
  </datafield>
  <datafield tag="505" ind1=" " ind2=" ">
    <subfield code="a">Parte V. El aprendizaje.</subfield>
    <subfield code="t"> Cap&#xED;tulo XVI. El proceso del aprendizaje.</subfield>
    <subfield code="t">Notas al cap&#xED;tulo XVI --</subfield>
    <subfield code="t">ap&#xED;tulo XVII. Motivaci&#xF3;n en el aprendizaje escolar.</subfield>
    <subfield code="t">Notas al cap&#xED;tulo XVII --</subfield>
    <subfield code="t">Cap&#xED;tulo XVIII. El proceso de estudio eficaz --</subfield>
    <subfield code="t">Notas al cap&#xED;tulo XVIII --</subfield>
    <subfield code="t">Cap&#xED;tulo XIX. Transferencia del aprendizaje --</subfield>
    <subfield code="t">Notas al cap&#xED;tulo XIX --</subfield>
  </datafield>
  <datafield tag="590" ind1=" " ind2=" ">
    <subfield code="a">Inventariado, 2022 / SA</subfield>
  </datafield>
  <datafield tag="650" ind1="4" ind2=" ">
    <subfield code="a">Psicolog&#xED;a pedag&#xF3;gica</subfield>
    <subfield code="9">81185</subfield>
  </datafield>
  <datafield tag="650" ind1="4" ind2=" ">
    <subfield code="a">Psicolog&#xED;a educativa</subfield>
  </datafield>
  <datafield tag="910" ind1=" " ind2=" ">
    <subfield code="a">Saquino</subfield>
  </datafield>
  <datafield tag="942" ind1=" " ind2=" ">
    <subfield code="2">ddc</subfield>
    <subfield code="c">LBS1</subfield>
  </datafield>
  <datafield tag="952" ind1=" " ind2=" ">
    <subfield code="0">0</subfield>
    <subfield code="1">0</subfield>
    <subfield code="2">ddc</subfield>
    <subfield code="5">1</subfield>
    <subfield code="7">0</subfield>
    <subfield code="8">GR-RV</subfield>
    <subfield code="a">BNPHU</subfield>
    <subfield code="b">GR</subfield>
    <subfield code="c">CT</subfield>
    <subfield code="d">2022-02-08</subfield>
    <subfield code="e">Donado</subfield>
    <subfield code="l">0</subfield>
    <subfield code="o">BNPHU SG-RV 370.15 K295p</subfield>
    <subfield code="p">2022-0673</subfield>
    <subfield code="r">2022-02-08</subfield>
    <subfield code="w">2022-02-08</subfield>
    <subfield code="y">LBS1</subfield>
    <subfield code="z">S/A</subfield>
  </datafield>
  <datafield tag="999" ind1=" " ind2=" ">
    <subfield code="c">51375</subfield>
    <subfield code="d">51375</subfield>
  </datafield>
</record>
